Tous les joueurs de Arsenal depuis 2010 - Statistiques

Statistiques générales
  • Ce quiz a été pris 185 fois
    30 depuis la dernière actualisation
  • Le résultat moyen est 62 sur 150
Statistiques - réponses
Poste Nationalité Saison(s) Réponse % Correct
Mileu Angleterre 2018- Bukayo Saka
81%
Gardien Allemagne 2018-2022 Bernd Leno
77%
Gardien Espagne 2023- David Raya
77%
Gardien République Tchèque 2015-2019 Petr Cech
77%
Gardien Colombie 2014-2019 David Ospina
73%
Milieu Brésil 2019- Gabriel Martinelli
73%
Milieu Norvège 2021- Martin Ødegaard
73%
Défenseur France 2010-2019 Laurent Koscielny
69%
Défenseur Ukraine 2022- Oleksandr Zinchenko
69%
Attaquant France 2017-2022 Alexandre Lacazette
65%
Défenseur France 2007-2014 Bacary Sagna
65%
Gardien Argentine 2012-2020 Emiliano Martinez
65%
Défenseur Brésil 2020- Gabriel
65%
Défenseur Ecosse 2019-2025 Kieran Tierney
65%
Attaquant Gabon 2018-2022 Pierre-Emerick Aubameyang
65%
Attaquant Pays Bas 2004-2012 Robin van Persie
65%
Attaquant Suède 2025- Viktor Gyokeres
65%
Défenseur France 2019- William Saliba
65%
Gardien Pologne 2009-2017 Wojciech Szczęsny
65%
Attaquant Chili 2014-2018 Alexis Sanchez
62%
Milieu Angleterre 2023- Declan Rice
62%
Attaquant Brésil 2022- Gabriel Jesus
62%
Défenseur France 2003-2011 Gaël Clichy
62%
Milleu Suisse 2016-2023 Granit Xhaka
62%
Défenseur Pays Bas 2023- Jurrien Timber
62%
Milieu Allemagne 2023- Kai Havertz
62%
Attaquant Belgique 2023- Leandro Trossard
62%
Gardien Pologne 2007-2014 Lukas Fabianski
62%
Milieu Espagne 2025- Martin Zubimendi
62%
Milieu Espagne 2024- Mikel Merino
62%
Attaquant France 2012-2018 Olivier Giroud
62%
Défenseur Allemagne 2011-2018 Per Mertesacker
62%
Milieu Espagne 2012-2018 Santi Cazorla
62%
Milieu Ghana 2020-2025 Thomas Partey
62%
Gardien Angleterre 2021-2024 Aaron Ramsdale
58%
Milieu Pays de Galles 2008-2019 Aaron Ramsey
58%
Attaquant Russie 2009-2013 Andreï Arshavin
58%
Milieu Espagne 2003-2011 Cesc Fabregas
58%
Milieu Angleterre 2008-2018 Jack Wilshere
58%
Milieu Uruguay 2018-2022 Lucas Torreira
58%
Milieu Allemagne 2013-2021 Mesut Ozil
58%
Défenseur Italie 2024- Riccardo Calafiori
58%
Défenseur Japon 2021-2025 Takehiro Tomiyasu
58%
Milieu Angleterre 2006-2018 Theo Walcott
58%
Milieu République Tchèque 2006-2016 Tomáš Rosický
58%
Défenseur Angleterre 2021- Ben White
54%
Milieu Arménie 2018-2019 Henrikh Mkhitaryan
54%
Gardien Allemagne 2010-2011 Jens Lehmann
54%
Attaquant Costa Rica 2011-2018 Joel Campbell
54%
Milieu Italie 2023-2025 Jorginho
54%
Attaquant Maroc 2010-2013 Marouane Chamakh
54%
Milieu Côte d’Ivoire 2019-2023 Nicolas Pépé
54%
Milieu France 2008-2011 Samir Nasri
54%
Défenseur Bosnie 2017-2022 Sead Kolasinac
54%
Défenseur Allemagne 2016-2021 Shkodran Mustafi
54%
Défenseur Grèce 2018-2021 Sokratis
54%
Milieu Cameroun 2006-2012 Alexandre Song
50%
Attaquant Angleterre 2017-2024 Eddie Nketiah
50%
Milieu France 2008-2018 Francis Coquelin
50%
Défenseur Pologne 2023- Jakub Kiwior
50%
Gardien Espagne 2025- Kepa Arrizabalaga
50%
Milieu Espagne 2011-2016 Mikel Arteta
50%
Défenseur/milieu Angleterre 2024- Myles Lewis-Skelly
50%
Défenseur Espagne 2013-2019 Nacho Monreal
50%
Défenseur Belgique 2009-2014 Thomas Vermaelen
50%
Milieu France 2006-2015 Abou Diaby
46%
Défenseur Brésil 2019-2021 David Luiz
46%
Milieu Angleterre 2022- Ethan Nwaneri
46%
Milieu Portugal 2022- Fábio Vieira
46%
Défenseur Espagne 2013-2022 Hector Bellerin
46%
Attaquant Allemagne 2012-2015 Lukas Podolski
46%
Gardien Australie 2020-2021 Mathew Ryan
46%
Milieu France 2013-2016 Mathieu Flamini
46%
Gardien États-Unis 2022-2023 Matt Turner
46%
Milieu Égypte 2016-2024 Mohamed Elneny
46%
Attaquant Danemark 2005-2014 Nicklas Bendtner
46%
Milieu Angleterre 2011-2017 Alex Oxlade-Chamberlain
42%
Défenseur Angleterre 2014-2022 Calum Chambers
42%
Défenseur Portugal 2020-2024 Cédric Soares
42%
Milieu Espagne 2019-2021 Dani Ceballos
42%
Gardien Espagne 2004-2012 Manuel Almunia
42%
Défenseur France 2014-2018 Mathieu Debuchy
42%
Milieu France 2018-2021 Mattéo Guendouzi
42%
Attaquant France 2011-2012 Thierry Henry
42%
Attaquant Mexique 2006-2012 Carlos Vela
38%
Défenseur Espagne 2025- Cristhian Mosquera
38%
Milieu Angleterre 2018-2024 Emile Smith-Rowe
38%
Milieu/attaquant Angleterre 2025- Noni Madueke
38%
Milieu Danemark 2025- Christian Nørgaard
35%
Attaquant Angleterre 2014-2019 Danny Welbeck
35%
Milieu Angleterre 2025- Eberechi Eze
35%
Défenseur Brésil 2015-2017 Gabriel Paulista
35%
Défenseur Angleterre 2007-2017 Kieran Gibbs
35%
Milieu Suède 2014-2015 Kim Kallstrom
35%
Attaquant Brésil 2022-2025 Marquinhos
35%
Gardien Brésil 2024-2025 Neto
35%
Milieu Angleterre 2017- Reiss Nelson
35%
Défenseur Angleterre 2016-2023 Rob Holding
35%
Gardien Islande 2020-2024 Rúnar Alex Rúnarsson
35%
Milieu Israël 2011-2012 Yossi Benayoun
35%
Défenseur Angleterre 2014-2023 Ainsley Maitland-Niles
31%
Milieu Nigeria 2015-2019 Alex Iwobi
31%
Milieu Algérie 2015-2017 Ismaël Bennacer
31%
Défenseur Grèce 2018-2022 Konstantínos Mavropános
31%
Attaquant Corée du Sud 2011-2014 Park Chu-young
31%
Attaquant Angleterre 2024-2025 Raheem Sterling
31%
Défenseur Suisse 2018-2019 Stephan Lichtsteiner
31%
Milieu Belgique 2021- Albert Sambi Lokonga
27%
Attaquant Angleterre 2020-2023 Folarin Balogun
27%
Défenseur Suisse 2004-2014 Johan Djourou
27%
Défenseur Portugal 2021-2025 Nuno Tavares
27%
Gardien Italie 2006-2013 Vito Mannone
27%
Milieu Brésil 2020-2021 Willian
27%
Attaquant France 2013-2017 Yaya Sanogo
27%
Attaquant Angleterre 2016-2017 Chris Willock
23%
Défenseur Côte d’Ivoire 2004-2011 Emmanuel Eboué
23%
Attaquant Côte d’Ivoire 2011-2013 Gervinho
23%
Milieu Angleterre 2017-2021 Joe Willock
23%
Milieu Brésil 2011-2013 André Santos
19%
Défenseur Sénégal 2006-2011 Armand Traoré
19%
Milieu Espagne 2018-2019 Denis Suarez
19%
Milieu Ghana 2011-2014 Emmanuel Frimpong
19%
Défenseur Espagne 2020-2023 Pablo Mari
19%
Défenseur France 2010-2013 Sébastien Squillaci
19%
Milieu Allemagne 2012-2016 Serge Gnabry
19%
Défenseur Angleterre 2011-2019 Carl Jenkinson
15%
Milieu Brésil 2006-2013 Denilson
15%
Milieu France 2016-2018 Jeff Reine-Adélaïde
15%
Milieu Espagne 2016-2018 Lucas Pérez
15%
Gardien Angleterre 2014-2019 Matt Macey
15%
Milieu Japon 2011-2015 Rio Miyaichi
15%
Gardien Angleterre 2025- Tommy Setford
15%
Milieu Angleterre 2021- Charlie Patino
12%
Milieu États-Unis 2014-2019 Gedion Zelalem
12%
Défenseur Espagne 2011-2014 Ignasi Miquel
12%
Milieu Chine 2011-2014 Nico Yennaris
12%
Milieu Angleterre 2013-2018 Chuba Akpom
8%
Milieu Angleterre 2007-2012 Henri Lansbury
8%
Gardien Angleterre 2025- Jack Porter
8%
Défenseur Pologne 2015-2019 Krystian Bielik
8%
Défenseur Angleterre 2024-2025 Ayden Heaven
4%
Attaquant RDC 2010-2015 Benik Afobe
4%
Attaquant Angleterre 2023- Charles Sagoe
4%
Attaquant Togo 2009-2011 Gilles Sunu
4%
Milieu Finlande 2015-2017 Glen Kamara
4%
Milieu/attaquant Pays-Bas 2024- Ismeal Kabia
4%
Milieu Angleterre 2009-2011 Jay Emmanuel-Thomas
4%
Défenseur Angleterre 2024- Josh Nichols
4%
Défenseur Albanie 2024- Maldini Kacurri
4%
Attaquant Angleterre 2022-2025 Nathan Butler-Oyedeji
4%
Aucun quiz correspondant
Distribution des résultats
% des personnes avec chaque résultat
Percentile par nombre de réponses
Votre historique - résultats
Vous n’avez pas pris ce quiz depuis la dernière actualisation